00584nam a2200169Ia 4500008004100000020001500041041001200056082001600068100002000084245006700104260002500171300000800196650002100204942000700225999001500232952016700247221030s9999 xx 000 0 und d a0070494649 aEnglish a105.23bSch aR. J. Schalkoff 0aArtifical Neural Networks ( DEPARTMENTAL )cby R. J. Schalkoff bTMHaNew Delhic2006 a422 aCSE Departmental cBK c1803d1803 pBE 8751g290.00l0o105.23 Schr2024-06-13 00:00:00w2022-10-30yBK003Print4071aMIETLIBbMIETLIBcBL-Departmental, FL-1, CUP-54, SH-6, R-6d2006-11-2010HBE